| Tag |
First Indicator |
Second Indicator |
Subfields |
| LEADER |
00000cam a2200000 a 4500 |
| 001 |
in00000425321 |
| 005 |
20151012054307.0 |
| 008 |
860122s1984 dcub 00010 eng d |
| 035 |
|
|
|a (OCoLC)13046045
|
| 035 |
|
|
|9 ABU7210AM
|
| 040 |
|
|
|a MUU
|c MUU
|d TXA
|d UtOrBLW
|
| 049 |
|
|
|a TXAM
|c [A09533918]
|
| 090 |
|
|
|a PS3566.A875
|b S5 1984
|
| 100 |
1 |
|
|a Pavia, Mario N.
|
| 245 |
1 |
0 |
|a Sierra Nevada and other travel stories /
|c by Mario N. Pavia.
|
| 264 |
|
1 |
|a Washington, D.C. :
|b Mountain Range Press,
|c [1984]
|
| 264 |
|
4 |
|c ©1984
|
| 300 |
|
|
|a 131 pages :
|b maps ;
|c 23 cm.
|
| 336 |
|
|
|a text
|b txt
|2 rdacontent
|
| 337 |
|
|
|a unmediated
|b n
|2 rdamedia
|
| 338 |
|
|
|a volume
|b nc
|2 rdacarrier
|
| 999 |
|
|
|a MARS
|
| 999 |
f |
f |
|s ea002c32-4f57-3790-b713-98a47704b1b4
|i e840b0cb-342e-3c05-8cfa-a7069dfcd299
|t 0
|
| 952 |
f |
f |
|p ric
|a Texas A&M University
|b Rellis Campus
|c Joint Library Facility
|d Remote Storage
|t 0
|e PS3566.A875 S5 1984
|h Library of Congress classification
|i unmediated -- volume
|m A14809533918
|
| 998 |
f |
f |
|a PS3566.A875 S5 1984
|t 0
|l Remote Storage
|